000 00436nam a2200169Ia 4500
008 220531s9999 xx 000 0 und d
041 _amar
100 _aवाघ आणि इतर
_951543
245 _aसमाजशास्‍त्र परिचय
250 _a1ST
260 _bShreevidya
_c2007
300 _a229
542 _d27-02-2008
650 _aSociology
_951544
906 _d2007-2008
999 _c29988
_d29988